| 000 | 00576nam a22001337a 4500 | ||
|---|---|---|---|
| 040 | _cRUA | ||
| 082 | _aAVM PHE 2018 B654 Or.1 | ||
| 100 | _aPHENG CHANNAROM ផេន ចាន់ណារុំ | ||
| 245 | _acase of mastitis in dairy cow at moo moo farm kandal province ករណីរលាកដោះគោនៅកសិដ្ឋាន មូមូ ខេត្តកណ្តាល | ||
| 260 |
_aRUA _bPhnom penh _c2018 |
||
| 300 |
_aviii;33p _bill; _c29cm |
||
| 856 | _uhttps://drive.google.com/file/d/1G2pAfSBWTAAEyahqyNiQjBbv8oW_0Dlu/view?usp=sharing | ||
| 942 | _cAVM | ||
| 999 |
_c18616 _d18616 |
||